000 01202nam a2200265Ia 4500
003 OSt
005 20221005104756.0
006 a|||||r|||| 00| 0
007 ta
008 221004b |||||||| |||| 00| 0 hin d
020 _c80
024 _a8743
037 _b20474, 08/01/2014, Hindi Madhyam Karyanvyan Nideshalye
_cTextual
040 _aCRL
_cCRL
_bhin
041 _2hin
_ahin
082 _aX.275'N, 152M8
100 _aसिन्हा, नरेन्द्र कृष्ण
245 0 _aबंगाल का आर्थिक इतिहास
_b प्लासी से स्थायी बंदोबस्त तक
246 _aBangāl kā ārthik itihāsa: plāsī se sthāyī bandobasta taka
260 _aदिल्ली
_bविश्विद्यालय हिन्दी माध्यम कार्यान्वय निदेशालय भारत
_c1988
300 _a277पृ0
_ccm.
650 _aअर्थशास्त्र
942 _hX.275'N, 152M8
_cTEXL
_2cc
999 _c1013748
_d1013748